00301nam a2200109Ia 4500008004100000041000800041082002700049100002300076245004600099260003700145300000900182230411s9999 xx 000 0 und d aeng aCH/610.7343/JAI/B06590 aJaikumar Maheswari aPocket Manual Of Community Health Nursing bJaypee BrothersaNew Delhic2008 a362p